| 000 | 00957nam a2200289 i 4500 | ||
|---|---|---|---|
| 001 | 3633598 | ||
| 003 | EG-ScBUE | ||
| 005 | 20250716094840.0 | ||
| 008 | 751002s1975 enka f b 001 0 eng d | ||
| 020 | _a0521205697 | ||
| 040 |
_aDLC _beng _erda _cDLC _dDLC _dEG-ScBUE |
||
| 041 | 1 |
_aeng _hcze |
|
| 082 | 0 | 4 |
_a541.3724 _222 _bKOR |
| 100 | 1 |
_aKoryta, Jiri, _eauthor. _96622 |
|
| 245 | 1 | 0 |
_aIon-selective electrodes / _cJiri Koryta. |
| 264 | 1 |
_aCambridge ; _aNew York : _bCambridge University Press, _c1975. |
|
| 300 |
_a207 pages : _billustrations ; _c24 cm. |
||
| 336 |
_2rdacontent _atext _btxt |
||
| 337 |
_aunmediated _2rdamedia _bn |
||
| 338 |
_avolume _bnc _2rdacarrier |
||
| 490 | 0 |
_aCambridge monographs in physical chemistry ; _v2 |
|
| 504 | _aIncludes bibliographical references and index. | ||
| 650 | 7 |
_aElectrodes, Ion selective. _2BUEsh _96624 |
|
| 655 | _vReading book | ||
| 906 |
_a7 _bcbc _corignew _d2 _eocip _f19 _gy-gencatlg |
||
| 942 |
_2ddc _cBB |
||
| 999 |
_c11943 _d11943 |
||